Catálogo

CIEN AÑOS DE CONFUSION : (Registro nro. 51997)

Detalles MARC
000 -LEADER
fixed length control field 00940nam a2200193 a 4500
001 - CONTROL NUMBER
control field 51997
005 - DATE AND TIME OF LATEST TRANSACTION
control field 20190322122850.0
008 - FIXED-LENGTH DATA ELEMENTS--GENERAL INFORMATION
fixed length control field 140415s2007 mx 000 0 spa d
020 ## - INTERNATIONAL STANDARD BOOK NUMBER
International Standard Book Number 9789707709232
041 ## - LANGUAGE CODE
Language code of text/sound track or separate title spa
082 ## - DEWEY DECIMAL CLASSIFICATION NUMBER
Classification number 320.97206
Item number SCH
100 1# - MAIN ENTRY--PERSONAL NAME
Personal name SCHETTINO, MACARIO
245 10 - TITLE STATEMENT
Title CIEN AÑOS DE CONFUSION :
Remainder of title MEXICO EN EL SIGLO XX
250 ## - EDITION STATEMENT
Edition statement 1a ed.
260 ## - PUBLICATION, DISTRIBUTION, ETC.
Place of publication, distribution, etc. MEXICO :
Name of publisher, distributor, etc. SANTILLANA EDICIONES GENERALES, S.A. DE C.V.,
Date of publication, distribution, etc. 2007
300 ## - PHYSICAL DESCRIPTION
Extent 87
Dimensions 15.1 x 3.5 x 23.8
520 ## - SUMMARY, ETC.
Summary, etc. GRACIAS AL EXAMEN DETALLADO DE LA CUESTION AGRARIA, LOS MOVIMIENTOS OBREROS Y ESTUDIANTILES, LAS GUERRILLAS, EL NACIONALISMO, EL LIBERALISMO Y EL CORPORATIVISMO, ENTRE OTROS ASPECTOS DE LA REALIDAD MEXICANA, SCHETTINO ARTICULA UNA FINA CRITICA A LAS POLITICAS PUBLICAS Y LAS LUCHAS ELECTORALES DEL PASADO INMEDIATO.
650 14 - SUBJECT ADDED ENTRY--TOPICAL TERM
Topical term or geographic name entry element ECONOMIA
General subdivision MEXICO
-- HISTORIA
-- MEXICO
-- HISTORIA
-- REVOLUCION VILLISTA, 1914
-- 1920
-- POLITICA
-- MEXICO
-- HISTORIA
-- SIGLO XIX
Existencias
Withdrawn status Lost status Source of classification or shelving scheme Damaged status Not for loan Collection code Home library Current library Shelving location Date acquired Source of acquisition Inventory number Total Checkouts Total Renewals Full call number Barcode Date last seen Date last checked out Price effective from Koha item type
    Dewey Decimal Classification     General Biblioteca Karol Wojtyla Biblioteca Karol Wojtyla Sala general 03/12/2013 Compra 151000000000000000055503 4 1 320.97206 SCH 89949 05/01/2026 29/08/2023 03/12/2013 Libro
    Dewey Decimal Classification     General Biblioteca Karol Wojtyla Biblioteca Karol Wojtyla Sala general 03/12/2013 Compra 151000000000000000055502     320.97206 SCH 77357 05/01/2026 04/05/2018 03/12/2013 Libro